S14 駅名クイズ - 東京メトロ ver. - Statistics

General Stats
  • This quiz has been taken 274 times
    141 since last reset
  • The average score is 139 of 186
Answer Stats
Number Answer % Correct
F16 | G01 | Z01 渋谷
97%
G09 | H09 | M16 銀座
96%
M08 新宿
95%
C11 | M18 | T09 | Z08 大手町
94%
F09 | M25 | Y09 池袋
94%
T01 中野
94%
G16 | H18 上野
90%
M01 荻窪
90%
M17 東京
90%
G19 浅草
88%
H01 中目黒
88%
C18 | H22 北千住
88%
Y18 有楽町
88%
F13 | M09 新宿三丁目
87%
C01 代々木上原
87%
F01 | Y01 和光市
87%
Z05 半蔵門
87%
C09 | H08 日比谷
86%
T03 高田馬場
86%
C03 | F15 明治神宮前〈原宿〉
86%
N01 目黒
86%
G07 虎ノ門
84%
Mb03 方南町
84%
H21 南千住
84%
T23 西船橋
84%
C06 赤坂
84%
C19 綾瀬
84%
C20 北綾瀬
83%
C04 | G02 | Z02 表参道
82%
M06 中野坂上
82%
H04 六本木
82%
N10 | T06 | Y13 飯田橋
82%
F02 | Y02 地下鉄成増
82%
G11 | T10 日本橋
81%
H16 秋葉原
81%
C02 代々木公園
81%
C16 西日暮里
81%
Z14 押上〈スカイツリー前〉
81%
G04 | Z03 青山一丁目
79%
G05 | M13 赤坂見附
79%
G13 神田
79%
M07 西新宿
79%
C07 | M14 国会議事堂前
79%
H02 恵比寿
79%
T02 落合
79%
Y24 新木場
79%
M22 | N11 後楽園
78%
T17 葛西
78%
F03 | Y03 地下鉄赤塚
78%
Y22 豊洲
78%
N19 赤羽岩淵
78%
C08 | H07 | M15 霞ケ関
77%
M20 御茶ノ水
77%
T07 | Z06 九段下
77%
C05 乃木坂
77%
C12 新御茶ノ水
77%
N07 | Y16 | Z04 永田町
77%
N03 白金高輪
77%
G08 新橋
75%
M12 | N08 四ツ谷
75%
M23 茗荷谷
75%
T04 早稲田
75%
T16 西葛西
75%
F06 | Y06 小竹向原
75%
Z13 錦糸町
75%
G12 | Z09 三越前
74%
C15 千駄木
74%
N09 | Y14 市ケ谷
74%
G03 外苑前
73%
H06 虎ノ門ヒルズ
73%
T12 門前仲町
73%
T18 浦安
73%
Y19 銀座一丁目
73%
Z07 神保町
73%
Z11 清澄白河
73%
F12 東新宿
73%
M03 新高円寺
71%
C10 二重橋前〈丸の内〉
71%
Y10 東池袋
71%
G06 | N06 溜池山王
70%
H03 広尾
70%
H10 東銀座
70%
T14 東陽町
70%
C13 湯島
70%
C17 町屋
70%
Z10 水天宮前
70%
N02 白金台
70%
N12 東大前
70%
M24 新大塚
69%
H11 築地
69%
T08 竹橋
69%
T13 木場
69%
T15 南砂町
69%
T20 行徳
69%
T21 妙典
69%
F08 | Y08 要町
69%
H13 | T11 茅場町
68%
T22 原木中山
68%
C14 根津
68%
Y21 月島
68%
N16 王子
68%
M02 南阿佐ケ谷
66%
M04 東高円寺
66%
H05 神谷町
66%
T05 神楽坂
66%
Y23 辰巳
66%
G18 田原町
65%
M10 新宿御苑前
65%
Mb04 中野富士見町
65%
H14 人形町
65%
F07 | Y07 千川
65%
Z12 住吉
65%
N14 駒込
65%
F14 北参道
65%
G15 上野広小路
64%
M11 四谷三丁目
64%
M21 本郷三丁目
64%
N05 六本木一丁目
64%
T19 南行徳
62%
Y11 護国寺
62%
Y12 江戸川橋
62%
Y17 桜田門
62%
F11 西早稲田
62%
F10 雑司が谷
61%
M05 新中野
60%
M19 淡路町
60%
Mb05 中野新橋
60%
F04 | Y04 平和台
60%
N04 麻布十番
60%
G17 稲荷町
58%
H19 入谷
58%
H20 三ノ輪
58%
F05 | Y05 氷川台
58%
G10 京橋
57%
G14 末広町
57%
N17 王子神谷
57%
H17 仲御徒町
56%
H12 八丁堀
55%
N13 本駒込
55%
N15 西ケ原
49%
Y20 新富町
47%
N18 志茂
47%
H15 小伝馬町
40%
Y15 麴町
40%
No matching quizzes found
Score Distribution
Percent of People with Each Score
Percentile by Number Answered
Your Score History
You have not taken this quiz since the last reset